000 00485nab a2200145Ia 4500
003 ES-SlBCS
005 20230421090929.0
008 140529s1992 xxu||||| |||| 00| 0 eng d
041 _aeng
100 1 _aSilliman, Matt
_9139642
245 0 4 _aThe Closing of the Professorial Mind: A Meditation on Plato and Allan Bloom
_c Matt Silliman
600 0 0 _aPlatón
_d(428 o 7-348 o 7 a.C.)
_9126701
773 0 _tEducational Theory
_gvol. 40, nº. 1, 1992, págs. 147-152
_wRev1399
942 _cAR
999 _c512822
_d512822